Bandwagon Quiz - Detroit Tigers - Statistics

General Stats
  • This quiz has been taken 72 times
    60 since last reset
  • The average score is 11 of 20
Answer Stats
Hint Answer % Correct
How many World Series titles do the Tigers have? 4
93%
What ballpark do the Tigers play in? Comerica Park
93%
Who is the current manager of the Tigers? AJ Hinch
86%
What legendary Tigers player retired in 2023 after nearly 20 seasons? Miguel Cabrera
79%
What is the name of the Tigers' Triple-A affiliate? Toledo Mud Hens
74%
What Tigers pitcher won American League MVP in 2011? Justin Verlander
71%
What is the name of the Tigers mascot? Paws
64%
Who has the most home runs all-time for the Tigers? Al Kaline
62%
What is the nickname given to the Tigers based on Detroit's automobile history? Motor City Kitties
60%
When is the last time the Tigers made it to the World Series? 2012
57%
Who has the most all-time hits for the Tigers? Ty Cobb
57%
The awful 2003 Tigers set a record for having the most of what in American League history? Losses
48%
The Tigers logo is famous for its logo being in what font? Old English
45%
What former pitcher had his perfect game ruined on the last out due to an incorrect call? Armando Galarraga
43%
Who is the current Tigers play-by-play announcer? Dan Dickerson
43%
What animal once ran into the scoreboard at a Tigers game, sparking a five-run rally? Goose
40%
What phrase was synonymous with the 1984 Tigers because of announcer calls? Bless You Boys
26%
The Tigers' ballpark is famous for the tiger statues made out of what? Concrete
24%
Who is the Tigers all-time strikeout leader? Mickey Lolich
21%
What 1999 Kevin Costner movie depicts a fictional Tigers pitcher throwing a perfect game? For Love of the Game
12%
No matching quizzes found
Score Distribution
Percent of People with Each Score
Percentile by Number Answered
Your Score History
You have not taken this quiz since the last reset